000
00225 a2200097 4500
001
44164
100
_a
Briffdult R
245
_a
The making of humanity
260
_a
Lahore
_b
Islamic book foundation
_c
090
_c
27905
_d
27905
942
_a
NUST-CAE
_c
M
_c
19897
999
_c
279237
_d
279237